<?xml version="1.0" encoding="UTF-8"?>
<record
    xmlns:xsi="http://www.w3.org/2001/XMLSchema-instance"
    xsi:schemaLocation="http://www.loc.gov/MARC21/slim http://www.loc.gov/standards/marcxml/schema/MARC21slim.xsd"
    xmlns="http://www.loc.gov/MARC21/slim">

  <leader>00665nam a2200181Ia 4500</leader>
  <controlfield tag="001">5581</controlfield>
  <controlfield tag="003">GE_BSU</controlfield>
  <controlfield tag="008">181216s||||||||xx |||||||||||||| ||und||</controlfield>
  <datafield tag="040" ind1=" " ind2=" ">
    <subfield code="c">GE_BSU</subfield>
  </datafield>
  <datafield tag="080" ind1=" " ind2=" ">
    <subfield code="a">378</subfield>
  </datafield>
  <datafield tag="100" ind1=" " ind2=" ">
    <subfield code="a">&#x41F;&#x43E;&#x434; &#x440;&#x435;&#x434;. &#x414;&#x436; &#x423;&#x438;&#x43D;&#x43D;&#x435;&#x440;&#x438; &#x43F;&#x435;&#x440;. &#x441; &#x430;&#x43D;&#x433;&#x43B;. &#x41F;&#x440;&#x435;&#x434;&#x438;&#x441;&#x430;&#x43B; &#x413;.&#x410;. &#x418;&#x43B;&#x44C;&#x43D;&#x43E;&#x439;</subfield>
  </datafield>
  <datafield tag="245" ind1=" " ind2=" ">
    <subfield code="a">&#x41A;&#x438;&#x431;&#x435;&#x440;&#x43D;&#x435;&#x442;&#x438;&#x43A;&#x430; &#x438; &#x43F;&#x435;&#x434;&#x430;&#x433;&#x43E;&#x433;&#x438;&#x43A;&#x430;. &#x41D;&#x43E;&#x432;&#x44B;&#x435; &#x442;&#x435;&#x43D;&#x434;&#x435;&#x43D;&#x446;&#x438;&#x438; &#x432; &#x43F;&#x43E;&#x434;&#x445;&#x43E;&#x434;&#x43E;&#x432; &#x43A; &#x43E;&#x431;&#x443;&#x447;&#x435;&#x43D;&#x438;&#x44E; &#x438;&#x43D;&#x436;&#x435;&#x43D;&#x435;&#x440;&#x43D;&#x44B;&#x445; &#x43A;&#x430;&#x434;&#x440;&#x43E;&#x432; &#x432; &#x421;&#x428;&#x410;:</subfield>
  </datafield>
  <datafield tag="260" ind1=" " ind2=" ">
    <subfield code="a">&#x41C;&#x438;&#x440;</subfield>
  </datafield>
  <datafield tag="260" ind1=" " ind2=" ">
    <subfield code="b">1972.</subfield>
  </datafield>
  <datafield tag="300" ind1=" " ind2=" ">
    <subfield code="a">190 &#x441;.26 &#x441;&#x43C;.</subfield>
  </datafield>
  <datafield tag="653" ind1=" " ind2=" ">
    <subfield code="a">&#x41A;&#x438;&#x431;&#x435;&#x440;&#x43D;&#x435;&#x442;&#x438;&#x43A;&#x430; &#x438; &#x43F;&#x435;&#x434;&#x430;&#x433;&#x43E;&#x433;&#x438;&#x43A;&#x430;. &#x41D;&#x43E;&#x432;&#x44B;&#x435; &#x442;&#x435;&#x43D;&#x434;&#x435;&#x43D;&#x446;&#x438;&#x438;</subfield>
  </datafield>
  <datafield tag="942" ind1=" " ind2=" ">
    <subfield code="c">BK</subfield>
  </datafield>
  <datafield tag="999" ind1=" " ind2=" ">
    <subfield code="c">39054</subfield>
    <subfield code="d">39054</subfield>
  </datafield>
  <datafield tag="952" ind1=" " ind2=" ">
    <subfield code="0">0</subfield>
    <subfield code="1">0</subfield>
    <subfield code="4">0</subfield>
    <subfield code="7">0</subfield>
    <subfield code="9">41648</subfield>
    <subfield code="d">2018-12-17</subfield>
    <subfield code="p">16280</subfield>
    <subfield code="r">2018-12-17</subfield>
    <subfield code="w">2018-12-17</subfield>
    <subfield code="y">BK</subfield>
  </datafield>
</record>
